| 000 | 00824nam a2200241 a 4500 | ||
|---|---|---|---|
| 001 | 71299 | ||
| 003 | BD-RjUL | ||
| 005 | 20211209082111.0 | ||
| 008 | 170502s1959 ii ||||| |||| 00| 0 ben d | ||
| 020 | _c: TK. 2.75 | ||
| 035 | _a(BD-RjUL)71515 | ||
| 040 |
_aBD-RjUL _bben _cBD-RjUL _dBD-RjUL |
||
| 041 | _aben | ||
| 082 |
_223 _a891.444 _bTAS 1959 |
||
| 100 |
_aঠাকুর, অবনীন্দ্রনাথ _9121196 |
||
| 245 |
_aশিল্পায়ন / _cঅবনীন্দ্রনাথ ঠাকুর |
||
| 250 | _a২য় সং. | ||
| 260 |
_aকলকাতা : _bসিগনেট প্রেস, _c১৯৫৯. |
||
| 300 |
_a৭৭ পৃ. ; _c২২ সেমি. |
||
| 650 |
_aবাংলা প্রবন্ধ _9210982 |
||
| 650 |
_aBengali Essays _9210983 |
||
| 942 |
_2ddc _cBK |
||
| 999 |
_c71299 _d71299 |
||